| 000 | 00600cam a22002291 4500 | ||
|---|---|---|---|
| 001 | he 68002086 | ||
| 003 | DLC | ||
| 005 | 20260227111500.0 | ||
| 008 | 710901s1967 is 000 0 eng | ||
| 010 | _ahe 68002086 //r922 | ||
| 025 | _aPL480:Is-7512 | ||
| 040 |
_aDLC _cDLC _dDLC |
||
| 043 | _af-nr--- | ||
| 050 | 0 | 0 |
_aDT515.5 _b.B5 |
| 082 | 0 | 0 | _a966.9/4/05 |
| 245 | 0 | 0 | _aBiafra struggle for national survival. |
| 260 | 0 |
_a[Haifa, _bBiafra Union of Israel] _c1967. |
|
| 300 |
_a23 p. _c22 cm. |
||
| 350 | _aIL0.50 | ||
| 651 | 0 |
_aNigeria, Eastern _xHistory. |
|
| 710 | 2 | 0 | _aBiafra Union of Israel. |
| 999 |
_c33497 _d33497 |
||